Clasificación por capacidad de uso de las tierras
Guardat en:
| Autor principal: | |
|---|---|
| Format: | Llibre |
| Idioma: | espanyol |
| Publicat: |
Ciudad de México
Centro Regional de Ayuda Técnica
1964
|
| Matèries: | |
| Etiquetes: |
Afegir etiqueta
Sense etiquetes, Sigues el primer a etiquetar aquest registre!
|
MARC
| LEADER | 00000nam a2200000 a 4500 | ||
|---|---|---|---|
| 001 | UCV7199 | ||
| 003 | CL-VaPUC | ||
| 008 | 890817e19640000MX |||||||||||||||||spa|d | ||
| 082 | 0 | 4 | |a 631.44 |b KLI |2 21 |
| 100 | 0 | |a Klingebiel, A. A |e author |9 301243 | |
| 245 | 1 | 0 | |a Clasificación por capacidad de uso de las tierras |
| 300 | |a 32 p | ||
| 942 | |c BK | ||
| 945 | |d 19890817 00:00:00 | ||
| 260 | |a Ciudad de México |b Centro Regional de Ayuda Técnica |c 1964 | ||
| 650 | 7 | |a SUELOS CLASIFICACION |2 CL-VaPUC |9 301244 | |
| 583 | |a last modification |c 19890817 00:00:00 |k Rodrigo Vera | ||
| 999 | |c 212917 |d 212915 | ||